| 000 | 00000nam##2200000za#4500 |
| 001 | 9.533494 |
| 003 | CaOODSP |
| 005 | 20210615083151 |
| 007 | ta |
| 008 | 150406|2000||||xxc||||| f|0| 0 eng|d |
| 020 | |a0-662-64668-1 |
| 040 | |aCaOODSP|beng |
| 041 | |aeng |
| 041 | |afre |
| 043 | |an-cn--- |
| 086 | 1 |aC21-24/31-2000 |
| 110 | 1 |aCanada.|bIndustry Canada. |bMicro-Economic Analysis Directorate. |
| 245 | 10|aAre Canadian-controlled manufacturing firms less productive than their foreign-controlled counterparts? / |cby Someshwar Rao and Jianmin Tang. |
| 260 | |aOttawa - Ontario : |bIndustry Canada. |c2000. |
| 300 | |aEnglish text, 28p. : |btables ; |c28 cm. |
| 490 | 1 |aWorking paper|v31 |
| 500 | |a"The purpose of this paper is to analyse the multi-factor productivity (MFP) gap between Canadian-and foreign controlled manufacturing firms."--Abstract. "We have identified five factors to explain inter-firm differences in MFP levels in the two groups of manufacturing firms -- namely, labour quality, firm vintage, unionization, export orientation, and firm size."--Page 3. |
| 504 | |aBibliography. |
| 520 | 3 |aThe purpose of this paper is to analyse the multi-factor productivity (MFP) gap between Canadian-and foreign controlled manufacturing firms.--Abstract We have identified five factors to explain inter-firm differences in MFP levels in the two groups of manufacturing firms -- namely, labour quality, firm vintage, unionization, export orientation, and firm size.--Page 3 |
| 546 | |aBilingual |
| 563 | |aSoftcover |
| 590 | |a00-51|b2000-12-29 |
| 690 | 07|aIndustrial productivity|2gcpds |
| 690 | 07|aLabour|2gcpds |
| 690 | 07|aManufacturing industry|2gcpds |
| 720 | 1 |aRao, Someshwar |
| 720 | 1 |aTang, Jianmin |
| 776 | 0#|tAre Canadian-controlled manufacturing firms less productive than their foreign-controlled counterparts? / |w(CaOODSP)9.570604 |
| 776 | 0#|tLes entreprises manufacturières sous contrôle canadien sont-elles moins productives que leurs concurrentes sous contrôle étranger? / |w(CaOODSP)9.601253 |
| 792 | |tLes entreprises manufacturières sous contrôle canadien sont-elles moins productives que leurs concurrentes sous contrôle étranger? / |efre|w(CaOODSP)9.533495 |
| 830 | #0|aWorking paper ;|v31|w(CaOODSP)9.509052 |